000 004320000a22001810004500
003 MACL
005 20150804123350.0
008 150804b xxu||||| |||| 00| 0 eng d
040 _aMACL
_cMACL
041 _aEnglish
082 _a392/ABB
100 _aAbbas, Khwaja Ahmed
_94524
245 _aHow Films Are Made
260 _bNational Books Trust
_c1992
_aNew Delhi
350 _a6
650 _aArts
_94525
942 _cBK
_k392
_2ddc
999 _c4612
_d4612